000 00686nam a2200241Ia 4500
003 OSt
005 20220918181758.0
006 a|||||r|||| 00| 0
007 ta
008 220917b |||||||| |||| 00| 0 eng d
024 _a28,508
037 _cTextual
040 _aARTS
_cARTS
_beng
041 _2eng
_aeng
082 _aO111, 2vN, M6
100 _aDutton Richard
_958502
245 0 _aModern tragicomedy and the British tradition
_b Beckett Pinter albee and storey
260 _aBrighton
_bHarvester
_c1986
300 _aix, 227p.
_ccm.
650 _aENGLISH LITERATURE
942 _hO111, 2vN, M6
_cTEXL
_2CC
999 _c166750
_d166750